书目信息 |
| 题名: |
化工安全技术基础
|
|
| 作者: | 刘向东 , 朱宝轩 编 | |
| 分册: | ||
| 出版信息: | 北京 化学工业出版社 2004.05 |
|
| 页数: | 313页 | |
| 开本: | 20cm | |
| 丛书名: | 化工工人岗位培训教材 | |
| 单 册: | ||
| 中图分类: | TQ086 | |
| 科图分类: | ||
| 主题词: | 化学工业--安全技术--培训--教材 | |
| 电子资源: | ||
| ISBN: | 7-5025-5425-4 | |
| 000 | 00943nam 2200265 450 | |
| 001 | 0120046111 | |
| 005 | 20051114152137.77 | |
| 010 | @a7-5025-5425-4@dCNY22.00 | |
| 100 | @a20051019d2004 km y0chiy0120 ea | |
| 101 | 0 | @achi |
| 102 | @aCN@b110000 | |
| 105 | @aaf a 000yy | |
| 200 | 1 | @a化工安全技术基础@AHua Gong An Quan Ji Shu Ji Chu@f朱宝轩, 刘向东编@Fzhu bao xuan,liu xiang dong bian |
| 210 | @a北京@c化学工业出版社@d2004.05 | |
| 215 | @a313页@c[5] 页图版, 图@d20cm | |
| 225 | 2 | @a化工工人岗位培训教材 |
| 320 | @a有书目 (第312~313页) 。 | |
| 330 | @a本书对化工企业安全管理、化工防火防爆、用电和静电安全等的基本概念、基本理论及有关适用技术、从理论与实践结合的角度进行介绍。 | |
| 410 | 0 | @12001 @a化工工人岗位培训教材 |
| 606 | 0 | @a化学工业@x安全技术@x培训@j教材 |
| 690 | @aTQ086@v4 | |
| 701 | 0 | @a刘向东@Aliu xiang dong@4编 |
| 701 | 0 | @a朱宝轩@Azhu bao xuan@4编 |
| 801 | 0 | @aCN@bQSSK@c20051114 |
| 905 | @a10447@dTQ086@eL690 | |
| 化工安全技术基础/朱宝轩, 刘向东编.-北京:化学工业出版社,2004.05 |
| 313页:[5] 页图版, 图;20cm.-(化工工人岗位培训教材) |
| ISBN 7-5025-5425-4:CNY22.00 |
| 本书对化工企业安全管理、化工防火防爆、用电和静电安全等的基本概念、基本理论及有关适用技术、从理论与实践结合的角度进行介绍。 |
| ● |
| 相关链接 |
|
|
|
正题名:化工安全技术基础
索取号:TQ086/L690
 
预约/预借
| 序号 | 登录号 | 条形码 | 馆藏地/架位号 | 状态 | 备注 |
| 1 | 575190 | 205751907 | 自科库501/501自科库 139排3列2层/ [索取号:TQ086/L690] | 在馆 | |
| 2 | 575191 | 205751916 | 自科库501/501自科库 139排3列2层/ [索取号:TQ086/L690] | 在馆 |